Výpočetní technika zasahuje i do sadovnictví

Bibliographic Details
Main Author: Zábojníková, Anna (Author)
Format: Article
Language:Czech
Subjects:

MARC

LEADER 00000nab a2200000 a 4500
001 vtls000295950
003 SK-MaSNL
005 20260303223849.0
008 160201c1987 xo 0 cze
015 |a SNBRB19rr/mm-uuuuu 
035 |a CL0306069 
040 |a SNKBUCL  |b slo  |c SNKBUCL  |e AACR2 
041 0 |a cze 
044 |a xo  |c SK 
080 |a 712.27:681.3-635.92  |2 1981 
080 |a 681.3-635.92  |2 1981 
080 |a 630 27  |2 1981 
100 1 |a Zábojníková, Anna  |4 aut  |9 588849 
245 1 0 |a Výpočetní technika zasahuje i do sadovnictví  |c Anna Zábojníková 
650 0 7 |a sadovníctvo  |2 snkbucl  |9 16013 
650 0 7 |a záhradná architektúra  |2 snkbucl  |9 2944 
650 0 7 |a výpočtová technika  |2 snkbucl  |9 1126 
651 7 |a 3708  |2 snkbucl  |9 928017 
655 7 |a články z novín a časopisov  |2 snkbucl  |9 267496 
773 0 |t Záhradníctvo  |g Roč. 12, č. 11 (1987), s. 516-517 
850 |a Slovenská národná knižnica v Martine  |a MTA001 
852 |a SNK  |b KIS3GCP 
958 |a RK 
958 |a CZ 
992 |a RBX 
999 |c 2249596  |d 2251526